<?xml version="1.0" encoding="UTF-8"?>
<collection xmlns="http://www.loc.gov/MARC21/slim">
 <record>
  <leader>02338pam a22002778a 4500</leader>
  <controlfield tag="001">00025615</controlfield>
  <controlfield tag="005">20171026081023.0</controlfield>
  <controlfield tag="008">110810s2004                  ||||||Viesd</controlfield>
  <datafield tag="041" ind1="0" ind2="#">
   <subfield code="a">Vie</subfield>
  </datafield>
  <datafield tag="082" ind1="1" ind2="4">
   <subfield code="a">907</subfield>
   <subfield code="b">NH203M</subfield>
  </datafield>
  <datafield tag="100" ind1="0" ind2="#">
   <subfield code="a">Phan Ngọc Liên</subfield>
   <subfield code="e">Chủ biên</subfield>
  </datafield>
  <datafield tag="245" ind1="0" ind2="0">
   <subfield code="a">Nhập môn sử học</subfield>
   <subfield code="b">Giáo trình cao đẳng sư phạm</subfield>
   <subfield code="c">Phan Ngọc Liên; Trịnh Đình Tùng, Trần Đức Minh, Tạ Ngọc Minh</subfield>
  </datafield>
  <datafield tag="260" ind1="#" ind2="#">
   <subfield code="a">H.</subfield>
   <subfield code="b">Đại học sư phạm</subfield>
   <subfield code="c">2004</subfield>
  </datafield>
  <datafield tag="300" ind1="#" ind2="#">
   <subfield code="a">222 tr.</subfield>
   <subfield code="c">24 cm.</subfield>
  </datafield>
  <datafield tag="500" ind1="#" ind2="#">
   <subfield code="a">Bộ giáo dục và đào tạo - Dự án đào tạo giáo viên trung học cơ sở</subfield>
  </datafield>
  <datafield tag="650" ind1="#" ind2="4">
   <subfield code="a">Lịch sử</subfield>
  </datafield>
  <datafield tag="653" ind1="#" ind2="#">
   <subfield code="a">Giáo trình</subfield>
  </datafield>
  <datafield tag="700" ind1="0" ind2="#">
   <subfield code="a">Trần Đức Minh</subfield>
  </datafield>
  <datafield tag="700" ind1="0" ind2="#">
   <subfield code="a">Trịnh Đình Tùng</subfield>
  </datafield>
  <datafield tag="700" ind1="0" ind2="#">
   <subfield code="a">Tạ Ngọc Minh</subfield>
  </datafield>
  <datafield tag="852" ind1="#" ind2="#">
   <subfield code="b">Kho mượn</subfield>
   <subfield code="j">KGT.0026146</subfield>
  </datafield>
  <datafield tag="852" ind1="#" ind2="#">
   <subfield code="j">KGT.0026146</subfield>
   <subfield code="j">KGT.0026147</subfield>
   <subfield code="j">KGT.0026149</subfield>
   <subfield code="j">KGT.0026152</subfield>
   <subfield code="j">KGT.0026154</subfield>
   <subfield code="j">KGT.0026155</subfield>
   <subfield code="j">KGT.0026157</subfield>
   <subfield code="j">KGT.0026161</subfield>
   <subfield code="j">KGT.0026162</subfield>
   <subfield code="j">KGT.0026164</subfield>
   <subfield code="j">KGT.0026165</subfield>
   <subfield code="j">KGT.0026167</subfield>
   <subfield code="j">KGT.0026170</subfield>
   <subfield code="j">KGT.0026173</subfield>
   <subfield code="j">KGT.0026175</subfield>
   <subfield code="j">KGT.0026176</subfield>
   <subfield code="j">KGT.0026178</subfield>
   <subfield code="j">KGT.0026179</subfield>
   <subfield code="j">KGT.0026183</subfield>
   <subfield code="j">KGT.0026184</subfield>
   <subfield code="j">KGT.0026186</subfield>
   <subfield code="j">KGT.0026188</subfield>
   <subfield code="j">KGT.0026189</subfield>
   <subfield code="j">KGT.0026193</subfield>
   <subfield code="j">KGT.0026194</subfield>
   <subfield code="j">KGT.0026196</subfield>
   <subfield code="j">KGT.0026151</subfield>
   <subfield code="j">KGT.0026159</subfield>
   <subfield code="j">KGT.0026160</subfield>
   <subfield code="j">KGT.0026172</subfield>
   <subfield code="j">KGT.0026181</subfield>
   <subfield code="j">KGT.0026182</subfield>
   <subfield code="j">KGT.0026190</subfield>
   <subfield code="j">KGT.0026191</subfield>
   <subfield code="j">KGT.0026148</subfield>
   <subfield code="j">KGT.0026150</subfield>
   <subfield code="j">KGT.0026153</subfield>
   <subfield code="j">KGT.0026156</subfield>
   <subfield code="j">KGT.0026158</subfield>
   <subfield code="j">KGT.0026163</subfield>
   <subfield code="j">KGT.0026166</subfield>
   <subfield code="j">KGT.0026168</subfield>
   <subfield code="j">KGT.0026169</subfield>
   <subfield code="j">KGT.0026171</subfield>
   <subfield code="j">KGT.0026174</subfield>
   <subfield code="j">KGT.0026177</subfield>
   <subfield code="j">KGT.0026180</subfield>
   <subfield code="j">KGT.0026185</subfield>
   <subfield code="j">KGT.0026187</subfield>
   <subfield code="j">KGT.0026192</subfield>
   <subfield code="j">KGT.0026195</subfield>
  </datafield>
  <datafield tag="852" ind1="#" ind2="#">
   <subfield code="j">KGT.0026146, KGT.0026147, KGT.0026148, KGT.0026149, KGT.0026150, KGT.0026151, KGT.0026152, KGT.0026153, KGT.0026154, KGT.0026155, KGT.0026156, KGT.0026157, KGT.0026158, KGT.0026159, KGT.0026160, KGT.0026161, KGT.0026162, KGT.0026163, KGT.0026164, KGT.0026165, KGT.0026166, KGT.0026167, KGT.0026168, KGT.0026169, KGT.0026170, KGT.0026171, KGT.0026172, KGT.0026173, KGT.0026174, KGT.0026175, KGT.0026176, KGT.0026177, KGT.0026178, KGT.0026179, KGT.0026180, KGT.0026181, KGT.0026182, KGT.0026183, KGT.0026184, KGT.0026185, KGT.0026186, KGT.0026187, KGT.0026188, KGT.0026189, KGT.0026190, KGT.0026191, KGT.0026192, KGT.0026193, KGT.0026194, KGT.0026195, KGT.0026196</subfield>
   <subfield code="b">Kho giáo trình</subfield>
  </datafield>
  <datafield tag="910" ind1="0" ind2="#">
   <subfield code="d">10/08/2011</subfield>
  </datafield>
  <datafield tag="980" ind1="#" ind2="#">
   <subfield code="a">Trung tâm Học liệu Lê Vũ Hùng, Trường Đại học Đồng Tháp</subfield>
  </datafield>
 </record>
</collection>
